FINANCE OF INTERNATIONAL TRADE (Record no. 17086)
[ view plain ]
| 000 -LEADER | |
|---|---|
| fixed length control field | 00338nam a22001457a 4500 |
| 020 ## - INTERNATIONAL STANDARD BOOK NUMBER | |
| International Standard Book Number | 0712106375 |
| 082 ## - DEWEY DECIMAL CLASSIFICATION NUMBER | |
| Classification number | 382.1WHI |
| 100 ## - MAIN ENTRY--PERSONAL NAME | |
| Personal name | D.P.WHITING |
| 245 ## - TITLE STATEMENT | |
| Title | FINANCE OF INTERNATIONAL TRADE |
| 250 ## - EDITION STATEMENT | |
| Edition statement | FOURTH EDITION |
| 260 ## - PUBLICATION, DISTRIBUTION, ETC. | |
| Place of publication, distribution, etc. | BRITAIN |
| Name of publisher, distributor, etc. | MACDONALD AND EVANS |
| 300 ## - PHYSICAL DESCRIPTION | |
| Extent | 278p |
| Other physical details | ill;21cm |
| 500 ## - GENERAL NOTE | |
| General note | include,index |
| 942 ## - ADDED ENTRY ELEMENTS (KOHA) | |
| Koha item type | Books |
| Withdrawn status | Lost status | Source of classification or shelving scheme | Damaged status | Not for loan | Home library | Current library | Shelving location | Date acquired | Full call number | Barcode | Date last seen | Price effective from | Koha item type |
|---|---|---|---|---|---|---|---|---|---|---|---|---|---|
| Dewey Decimal Classification | IFM Main Campus Library | IFM Main Campus Library | 07/27/2017 | 382.1WHI | 0000001857 | 07/27/2017 | 07/27/2017 | Books |
